000 00414nam a2200181Ia 4500
008 210210b1947 xxu||||| |||| 00| 0 eng d
041 _aeng
082 _a829/852
100 _aRAO (Raja)
245 _aCow of the barricades
260 _aLondon
_bOxford University Press
_c1947
650 _athe
650 _aof
650 _aCow
650 _abarricades
690 _aEnglish Fiction
906 _a017469
999 _c137435
_d137435